Online
Catalog

La novela de intriga. (Record no. 2639)

MARC details
000 -CABECERA
campo de control de longitud fija 00602cam a2200169 a 4500
001 - NÚMERO DE CONTROL
campo de control 000002805
005 - FECHA Y HORA DE LA ÚLTIMA TRANSACCIÓN
campo de control 20200929150247.0
008 - DATOS DE LONGITUD FIJA--INFORMACIÓN GENERAL
campo de control de longitud fija 730405s1970 sp b 001 f spa
040 ## - FUENTE DE LA CATALOGACIÓN
Centro catalogador/agencia de origen DO-SdBNP
Lengua de catalogación spa
Centro/agencia transcriptor BNPHU
082 ## - NÚMERO DE LA CLASIFICACIÓN DECIMAL DEWEY
Número de clasificación 809.3872
Número de documento/Ítem R696n
100 1# - ENTRADA PRINCIPAL--NOMBRE DE PERSONA
Nombre de persona Rodríguez Joulia Saint-Cyr, Carlos.
9 (RLIN) 8865
245 13 - MENCIÓN DE TÍTULO
Título La novela de intriga.
260 ## - PUBLICACIÓN, DISTRIBUCIÓN, ETC.
Lugar de publicación, distribución, etc. Madrid :
Nombre del editor, distribuidor, etc. ANABA. Asociación Nacional de Bibliotecarios, Archiveros y Arqueólogos,
Fecha de publicación, distribución, etc. 1970.
300 ## - DESCRIPCIÓN FÍSICA
Extensión 126 p. ;
Dimensiones 18 cm.
440 #0 - MENCIÓN DE SERIE/PUNTO DE ACCESO ADICIONAL--TÍTULO
Título Biblioteca profesional de ANABA ;
Nombre de parte o sección de la obra 3 cuadernos :
Designación de volumen o secuencia no. 2
9 (RLIN) 8866
650 #4 - PUNTO DE ACCESO ADICIONAL DE MATERIA--TÉRMINO DE MATERIA
Término de materia o nombre geográfico como elemento de entrada Novela policíaca
Subdivisión general Historia y crítica
9 (RLIN) 8867
Holdings
Estado de retiro Estado de pérdida Restricciones de uso No para préstamo Código de colección Localización permanente Ubicación/localización actual Ubicación en estantería Fecha de adquisición Número de inventario Total de préstamos Signatura topográfica completa Código de barras Fecha visto por última vez Precio válido a partir de Tipo de ítem Koha
    Préstamo interno   Monografías: Libros y Folletos General General En catalogación 03.07.2009 LF1   809.3872 R696n 2805-10 25.06.2020 25.06.2020 Préstamo interno

Powered by Koha